Macroeconomics: (Record no. 9122)

MARC details
000 -LEADER
fixed length control field 00569nam a22001937a 4500
003 - CONTROL NUMBER IDENTIFIER
control field OSt
005 - DATE AND TIME OF LATEST TRANSACTION
control field 20240709154104.0
008 - FIXED-LENGTH DATA ELEMENTS--GENERAL INFORMATION
fixed length control field 240709b |||||||| |||| 00| 0 eng d
020 ## - INTERNATIONAL STANDARD BOOK NUMBER
International Standard Book Number 0256243654
040 ## - CATALOGING SOURCE
Original cataloging agency DDC
Transcribing agency MUST
082 ## - DEWEY DECIMAL CLASSIFICATION NUMBER
Classification number 339 COL 1996
100 ## - MAIN ENTRY--PERSONAL NAME
Personal name Colander David C. and Septon Peter S.
9 (RLIN) 18554
245 ## - TITLE STATEMENT
Title Macroeconomics:
Remainder of title Transparency Masters to Accompany/
Statement of responsibility, etc. Colander David C. and Septon Peter S.
250 ## - EDITION STATEMENT
Edition statement First Edition
260 ## - PUBLICATION, DISTRIBUTION, ETC. (IMPRINT)
Place of publication, distribution, etc. Boston:
Name of publisher, distributor, etc. Irwin;
Date of publication, distribution, etc. 1996.
300 ## - PHYSICAL DESCRIPTION
Extent 162p:
Other physical details ill,;
Dimensions 27.6cm
650 ## - SUBJECT ADDED ENTRY--TOPICAL TERM
Topical term or geographic name as entry element Economics
9 (RLIN) 975
942 ## - ADDED ENTRY ELEMENTS (KOHA)
Source of classification or shelving scheme Dewey Decimal Classification
Koha item type Open Shelf
Holdings
Withdrawn status Lost status Source of classification or shelving scheme Damaged status Not for loan Home library Current library Source of acquisition Inventory number Total Checkouts Full call number Barcode Date last seen Koha item type
    Dewey Decimal Classification     MUST Main Library MUST Main Library Purchase 05/24150   339 COL 1996 2024-21878 09/07/2024 Open Shelf